| 000 | 00723nam a2200229 a 4500 | ||
|---|---|---|---|
| 001 | 000023299 | ||
| 005 | 20200930022125.0 | ||
| 008 | 101201s1983 ch r 000 0 spa d | ||
| 040 |
_aDO-SdBNP _bspa _cBNPHU |
||
| 082 |
_aCh863.44 _bC146a, 1983 |
||
| 100 | 1 |
_aCalderón, Alfonso _947986 |
|
| 245 | 1 | 0 |
_aAntología del cuento chileno / _cAlfonso Calderón , Pedro lastra , Carlos Santander. |
| 250 | _a2a ed. | ||
| 260 |
_aSantiago, Chile : _bUniversitaria, _c1983. |
||
| 300 |
_a341 p. ; _c19 cm. |
||
| 500 | _aIncluye bibliografía p. [313-328]. | ||
| 650 | 4 |
_aCuentos chilenos _914649 |
|
| 650 | 4 |
_aLiteratura chilena _93164 |
|
| 700 | 1 |
_aLastra, Pedro _947987 |
|
| 700 | 1 |
_aSantander, Carlos _947988 |
|
| 049 | _aBNGR | ||
| 999 |
_c22796 _d22796 |
||